000 00825nam a2200277 4500
003 OSt
005 20260601193848.0
008 260420b2013 xxua|||| |||| 00| 0 eng d
020 _a9780300179354
040 _aICI
_bspa
_cICI
041 _aspa
_heng
050 _aND1489
_bA5318 2017
100 1 _aAlbers, Josef
_d1888-1976
245 1 _aInteraction of Color• 50Th Anniversary Edition
264 _bAlianza Editorial
_c2013
_a Madrid
300 _a193 páginas
_b ilustraciones
_c23.5 cm
336 _atexto
_2rdacontent
337 _asin medio
_2rdamedia
338 _avolumen
_2rdacarrier
490 _aAlianza forma
650 _a Color en el arte
_921221
650 _aColor
_xEstudio y enseñanza
_91444
700 _a Balseiro, María Luisa
_etraductor
700 _a Albers, Josef
_d1888-1976
942 _2ddc
_cB
999 _c21722
_d21722